[Event "Tom Weston Open Major"]
[Site "Cardiff"]
[Date "2018.03.30"]
[Round "2.7"]
[White "Ray, Hiya"]
[Black "McGregor, John"]
[Result "1/2-1/2"]
[WhiteElo "1581"]
[BlackElo "1835"]
[PlyCount "36"]
[EventDate "2018.03.30"]
[EventType "swiss"]
[EventRounds "7"]
[EventCountry "WLS"]
[SourceDate "2018.03.30"]

1. d4 d5 2. Nf3 Nf6 3. c4 c5 4. g3 dxc4 5. Na3 cxd4 6. Nxd4 e5 7. Ndb5 Qb6 8.
Be3 Bb4+ 9. Bd2 Bxd2+ 10. Qxd2 O-O 11. Bg2 Bd7 12. Nd6 Bc6 13. Naxc4 Qc7 14.
Bxc6 Nxc6 15. O-O Rfd8 16. Rfd1 Ne4 17. Qd3 Nxd6 18. Nxd6 Rd7 1/2-1/2

[Event "Tom Weston Open Major"]
[Site "Cardiff"]
[Date "2018.03.30"]
[Round "2.8"]
[White "Burrows, Mike"]
[Black "Buttell, David"]
[Result "1-0"]
[WhiteElo "1544"]
[BlackElo "1773"]
[PlyCount "61"]
[EventDate "2018.03.30"]
[EventType "swiss"]
[EventRounds "7"]
[EventCountry "WLS"]
[SourceDate "2018.03.30"]

1. d4 Nf6 2. c4 e6 3. Nf3 d5 4. Nc3 c6 5. g3 Nbd7 6. Bg2 Be7 7. O-O O-O 8. b3
dxc4 9. bxc4 Nb6 10. Qb3 Nfd7 11. Rd1 Bf6 12. a4 a5 13. e4 c5 14. Ba3 cxd4 15.
Nb5 Be7 16. Rxd4 Bxa3 17. Qxa3 Ra6 18. Rad1 Qf6 19. Nc7 Ra7 20. c5 Na8 21. Nb5
Ra6 22. Rxd7 Bxd7 23. Rxd7 Rd8 24. Qd3 Rf8 25. e5 Qh6 26. Nd2 Rc6 27. Bxc6 bxc6
28. Nc3 f6 29. Rd8 g6 30. exf6 Nc7 31. Qd7 1-0

[Event "Tom Weston Open Major"]
[Site "Cardiff"]
[Date "2018.03.30"]
[Round "2.9"]
[White "Govindaraj, Neya"]
[Black "Bevan, Peter M"]
[Result "0-1"]
[WhiteElo "1325"]
[BlackElo "1916"]
[PlyCount "70"]
[EventDate "2018.03.30"]
[EventType "swiss"]
[EventRounds "7"]
[EventCountry "WLS"]
[SourceDate "2018.03.30"]

1. d4 d5 2. Nc3 Nf6 3. Bg5 Nbd7 4. Qd3 c6 5. O-O-O Qa5 6. Bd2 e6 7. Kb1 Qc7 8.
Nf3 c5 9. dxc5 Nxc5 10. Qd4 Nce4 11. Be3 Bc5 12. Qd3 Bxe3 13. Nxe4 dxe4 14.
Qxe3 exf3 15. exf3 O-O 16. Bd3 Bd7 17. h4 Rfc8 18. g4 Qc5 19. g5 Qxe3 20. fxe3
Nd5 21. Rhe1 Nb4 22. Bxh7+ Kxh7 23. Rxd7 Kg6 24. c3 Nd5 25. Rxb7 Rh8 26. e4 Nf4
27. Rh1 a5 28. a3 Rhd8 29. Kc2 a4 30. Rg1 Rd6 31. Rh1 Rad8 32. Rh2 Nd3 33. Re2
Nc5 34. Rc7 Nb3 35. Rc4 Rd1 0-1

[Event "Tom Weston Open Major"]
[Site "Cardiff"]
[Date "2018.03.30"]
[Round "2.10"]
[White "Fox, Chris"]
[Black "White, Ernest M"]
[Result "1/2-1/2"]
[WhiteElo "1669"]
[BlackElo "1830"]
[PlyCount "64"]
[EventDate "2018.03.30"]
[EventType "swiss"]
[EventRounds "7"]
[EventCountry "WLS"]
[SourceDate "2018.03.30"]

1. d4 f5 2. g3 g6 3. Bg2 Bg7 4. Nf3 Nf6 5. O-O O-O 6. c4 d6 7. Nc3 Nc6 8. d5
Ne5 9. Nxe5 dxe5 10. e4 f4 11. f3 g5 12. g4 h5 13. h3 hxg4 14. hxg4 Kf7 15. Kf2
c6 16. Rh1 Qb6+ 17. Kf1 Bd7 18. b3 Rh8 19. Qe2 Rxh1+ 20. Bxh1 Rh8 21. Bg2 Rh2
22. Na4 Qc7 23. Nc5 Nh7 24. Nxd7 Qxd7 25. Bb2 Nf8 26. Kf2 Ng6 27. Rh1 Rxh1 28.
Bxh1 e6 29. dxc6 Qxc6 30. Qd2 Bf8 31. Kf1 Be7 32. Bg2 Qc5 1/2-1/2

[Event "Tom Weston Open Major"]
[Site "Cardiff"]
[Date "2018.03.30"]
[Round "2.11"]
[White "Harle, Bill"]
[Black "McIntosh, Rachel"]
[Result "1/2-1/2"]
[WhiteElo "1782"]
[BlackElo "1453"]
[PlyCount "92"]
[EventDate "2018.03.30"]
[EventType "swiss"]
[EventRounds "7"]
[EventCountry "WLS"]
[SourceDate "2018.03.30"]

1. d4 Nf6 2. Nf3 d5 3. g3 Bf5 4. Bg2 e6 5. O-O c5 6. b3 Nc6 7. a3 Qb6 8. Bb2
Bg4 9. c3 c4 10. b4 Be7 11. Nbd2 O-O 12. Re1 Bf5 13. Nh4 Bg6 14. Nxg6 hxg6 15.
e4 Qc7 16. e5 Nd7 17. Bh3 Rae8 18. Nf3 Bd8 19. Bc1 f6 20. exf6 Nxf6 21. Bxe6+
Kh8 22. Bh3 Ne4 23. Re3 Qf7 24. Bd2 Nxd2 25. Qxd2 Rxe3 26. fxe3 g5 27. Rf1 Qh5
28. Bg2 g4 29. Ne1 Rxf1+ 30. Bxf1 Bg5 31. Ng2 Ne7 32. Qf2 Qe8 33. Kh1 g6 34.
Nf4 Qc6 35. Bg2 Kg7 36. Qe2 Bxf4 37. exf4 Qd7 38. Qe5+ Kf7 39. Kg1 a6 40. Kf2
b5 41. Ke2 Qf5 42. Qxf5+ gxf5 43. h3 Kf6 44. Kf2 Ke6 45. Bf1 Ng8 46. Be2 Nf6
1/2-1/2

[Event "Tom Weston Open Major"]
[Site "Cardiff"]
[Date "2018.03.30"]
[Round "2.13"]
[White "Christmas, Steve"]
[Black "Hurn, Robert AJ"]
[Result "1/2-1/2"]
[WhiteElo "1841"]
[BlackElo "1593"]
[PlyCount "82"]
[EventDate "2018.03.30"]
[EventType "swiss"]
[EventRounds "7"]
[EventCountry "WLS"]
[SourceDate "2018.03.30"]

1. d4 Nf6 2. c3 g6 3. Bf4 Bg7 4. Nf3 O-O 5. Nbd2 d6 6. e3 Nbd7 7. Bc4 b6 8. O-O
Bb7 9. Re1 h6 10. h3 Ne4 11. Nxe4 Bxe4 12. Nd2 Bb7 13. Qc2 e5 14. dxe5 d5 15.
Bb3 Nxe5 16. Rad1 Qf6 17. Bxe5 Qxe5 18. Nf3 Qe4 19. Qxe4 dxe4 20. Nh4 Kh7 21.
g3 Bc6 22. Rd2 Be5 23. Red1 Bd6 24. Ng2 g5 25. Bd5 Bxd5 26. Rxd5 f5 27. h4 Kg6
28. Kf1 Rad8 29. Ke2 Kf6 30. a4 Be7 31. hxg5+ hxg5 32. Rd7 Rxd7 33. Rxd7 Bd6
34. Rh7 Rg8 35. Rh6+ Rg6 36. Rh8 a5 37. Rh5 Bf8 38. Ne1 Rh6 39. Rxh6+ Bxh6 40.
Nc2 Bf8 41. Nd4 c5 1/2-1/2

[Event "Tom Weston Open Major"]
[Site "Cardiff"]
[Date "2018.03.30"]
[Round "2.14"]
[White "Dixon, Chris"]
[Black "White, Sam"]
[Result "1/2-1/2"]
[WhiteElo "1808"]
[BlackElo "1567"]
[PlyCount "61"]
[EventDate "2018.03.30"]
[EventType "swiss"]
[EventRounds "7"]
[EventCountry "WLS"]
[SourceDate "2018.03.30"]

1. e4 e5 2. Nc3 Nf6 3. f4 d6 4. Nf3 Nbd7 5. Bc4 h6 6. d3 Be7 7. Be3 c6 8. Qd2
Ng4 9. O-O-O Nxe3 10. Qxe3 exf4 11. Qxf4 Nf6 12. Kb1 O-O 13. d4 Ng4 14. Rde1
Nf6 15. Rhf1 Be6 16. d5 Bd7 17. Nd4 a6 18. Nf5 Bxf5 19. Qxf5 b5 20. Be2 b4 21.
Nd1 c5 22. Ne3 g6 23. Qf3 Nd7 24. Nc4 Ne5 25. Nxe5 dxe5 26. Bc4 Qd7 27. g4 Bg5
28. Re2 Bf4 29. Rg2 a5 30. Qf2 a4 31. h4 1/2-1/2

[Event "Tom Weston Open Major"]
[Site "Cardiff"]
[Date "2018.03.30"]
[Round "2.15"]
[White "Thomas, Roy"]
[Black "Evans, James"]
[Result "1-0"]
[WhiteElo "1701"]
[BlackElo "1542"]
[PlyCount "83"]
[EventDate "2018.03.30"]
[EventType "swiss"]
[EventRounds "7"]
[EventCountry "WLS"]
[SourceDate "2018.03.30"]

1. f4 d5 2. Nf3 c5 3. e3 Nc6 4. Be2 e6 5. O-O Nf6 6. b3 Bd6 7. Bb2 Qe7 8. Ne5
Bxe5 9. fxe5 Nd7 10. d4 b6 11. c4 dxc4 12. bxc4 O-O 13. Nd2 Bb7 14. Bf3 Rfd8
15. Qe2 Rac8 16. Ne4 f6 17. Nd6 fxe5 18. Nxc8 Rxc8 19. d5 Na5 20. dxe6 Qxe6 21.
Bxb7 Nxb7 22. Rad1 Na5 23. Rd5 b5 24. Rfd1 Nf6 25. Rd8+ Rxd8 26. Rxd8+ Kf7 27.
cxb5 Qxa2 28. Rd2 Nc4 29. Rc2 Qb1+ 30. Rc1 Qxb2 31. Qxc4+ Kg6 32. Qxc5 Kh6 33.
Qc4 Ng4 34. Rf1 Qxg2+ 35. Kxg2 Nxe3+ 36. Kf3 Nxc4 37. Rc1 Na3 38. Rc5 Kg6 39.
Ke4 Kf6 40. Rxe5 g5 41. Rc5 Kg6 42. Kd3 1-0

[Event "Tom Weston Open Major"]
[Site "Cardiff"]
[Date "2018.03.30"]
[Round "2.16"]
[White "Jones, Jonathan"]
[Black "Servini, Mike"]
[Result "0-1"]
[WhiteElo "1525"]
[BlackElo "1660"]
[PlyCount "64"]
[EventDate "2018.03.30"]
[EventType "swiss"]
[EventRounds "7"]
[EventCountry "WLS"]
[SourceDate "2018.03.30"]

1. Nf3 d5 2. b3 Nf6 3. Bb2 e6 4. d3 c5 5. g3 Nc6 6. Nbd2 Be7 7. Bg2 O-O 8. c4
d4 9. O-O Qc7 10. a3 e5 11. Ng5 h6 12. Nge4 Ne8 13. Bc1 f5 14. f3 fxe4 15. fxe4
Rxf1+ 16. Qxf1 Bg5 17. h4 Be3+ 18. Kh1 Qf7 19. Nf3 Bxc1 20. Rxc1 Nf6 21. Bh3
Ng4 22. Bxg4 Bxg4 23. Qg2 Bxf3 24. exf3 Rf8 25. Rf1 Qe6 26. Rb1 a5 27. Rg1 Ne7
28. h5 Qf7 29. Rf1 Qxh5+ 30. Kg1 Qg5 31. Qh3 Kh8 32. g4 Ng6 0-1

[Event "Tom Weston Open Major"]
[Site "Cardiff"]
[Date "2018.03.30"]
[Round "2.18"]
[White "Fraser, Susanna"]
[Black "Probert, Malcolm"]
[Result "0-1"]
[WhiteElo "1486"]
[BlackElo "1620"]
[PlyCount "46"]
[EventDate "2018.03.30"]
[EventType "swiss"]
[EventRounds "7"]
[EventCountry "WLS"]
[SourceDate "2018.03.30"]

1. d4 g6 2. c4 Bg7 3. Nf3 d6 4. g3 e5 5. Bg2 e4 6. Ng5 f5 7. O-O Nf6 8. Nc3 O-O
9. c5 d5 10. b3 c6 11. Nh3 h6 12. e3 Qe8 13. Nf4 g5 14. Nfe2 Qh5 15. h3 f4 16.
exf4 Bxh3 17. Be3 Ng4 18. Re1 Bxg2 19. Kxg2 Qh2+ 20. Kf1 Qh3+ 21. Kg1 Nh2 22.
f3 exf3 23. Nc1 Qg2# 0-1

[Event "Tom Weston Open Major"]
[Site "Cardiff"]
[Date "2018.03.30"]
[Round "2.19"]
[White "O'Rourke, Kevin"]
[Black "Hunt, Bill"]
[Result "0-1"]
[WhiteElo "1270"]
[BlackElo "1603"]
[PlyCount "66"]
[EventDate "2018.03.30"]
[EventType "swiss"]
[EventRounds "7"]
[EventCountry "WLS"]
[SourceDate "2018.03.30"]

1. e4 c5 2. Nf3 d6 3. d4 cxd4 4. Qxd4 Nc6 5. Bb5 Bd7 6. Bxc6 Bxc6 7. Nc3 Nf6 8.
e5 dxe5 9. Qxd8+ Rxd8 10. Be3 Bxf3 11. gxf3 a6 12. Bd2 g6 13. O-O-O Bg7 14. f4
O-O 15. fxe5 Ng4 16. Ne4 Nxe5 17. c3 Nd3+ 18. Kb1 f5 19. Ng5 Nxf2 20. Ne6 Nxh1
21. Kc2 Nf2 22. Rf1 Ne4 23. Rd1 Rxd2+ 24. Rxd2 Nxd2 25. Nxf8 Kxf8 26. Kxd2 e5
27. c4 Ke7 28. b4 Kd6 29. a4 b6 30. Kd3 e4+ 31. Ke3 Bc3 32. b5 axb5 33. axb5
Kc5 0-1

[Event "Tom Weston Open Major"]
[Site "Cardiff"]
[Date "2018.03.30"]
[Round "3.1"]
[White "Pearson, Raymond"]
[Black "Burrows, Mike"]
[Result "1-0"]
[WhiteElo "1898"]
[BlackElo "1544"]
[PlyCount "57"]
[EventDate "2018.03.30"]
[EventType "swiss"]
[EventRounds "7"]
[EventCountry "WLS"]
[SourceDate "2018.03.30"]

1. c4 e6 2. e4 c5 3. Nf3 d6 4. Nc3 Nc6 5. d4 cxd4 6. Nxd4 a6 7. Be2 Nf6 8. O-O
Qc7 9. Be3 Bd7 10. Nc2 Be7 11. f4 b6 12. Qd2 O-O 13. Rac1 Rfd8 14. g4 Bf8 15.
g5 Ne8 16. Ne1 Ne7 17. Nf3 Bc6 18. Nd4 Bd7 19. f5 Nc6 20. fxe6 fxe6 21. Bg4
Nxd4 22. Bxd4 Qb7 23. Qf2 Nc7 24. Qf7+ Kh8 25. Rf3 Rab8 26. Rcf1 e5 27. Qxf8+
Rxf8 28. Rxf8+ Rxf8 29. Rxf8# 1-0

[Event "Tom Weston Open Major"]
[Site "Cardiff"]
[Date "2018.03.30"]
[Round "3.2"]
[White "Timmins, Chris P"]
[Black "Bevan, Peter M"]
[Result "1/2-1/2"]
[WhiteElo "1844"]
[BlackElo "1916"]
[PlyCount "104"]
[EventDate "2018.03.30"]
[EventType "swiss"]
[EventRounds "7"]
[EventCountry "WLS"]
[SourceDate "2018.03.30"]

1. e4 d5 2. exd5 Qxd5 3. Nc3 Qd8 4. d4 Nf6 5. Nf3 Bg4 6. h3 Bxf3 7. Qxf3 c6 8.
Be3 e6 9. Bd3 Nbd7 10. Qg3 Nb6 11. O-O Nbd5 12. Nxd5 Nxd5 13. Bd2 Qd6 14. Qf3
Be7 15. a3 O-O 16. Rfe1 Nf6 17. Bb4 Qd7 18. Bxe7 Qxe7 19. Re5 Rad8 20. c3 Rd5
21. Rae1 Rfd8 22. Qg3 a6 23. Bc4 Rxe5 24. Rxe5 b5 25. Bd3 Qc7 26. Qh4 Rd5 27.
f4 h6 28. Qe1 g6 29. g3 Kg7 30. Bc2 c5 31. Rxd5 Nxd5 32. Qe4 Qd6 33. Kf2 Nb6
34. Bb3 c4 35. Bc2 Kf8 36. g4 Nd5 37. Kf3 a5 38. Qe5 Ke7 39. Qxd6+ Kxd6 40. h4
b4 41. axb4 axb4 42. cxb4 Nxb4 43. Bb1 Kd5 44. Ke3 f5 45. h5 gxh5 46. gxf5 exf5
47. Bxf5 Kd6 48. Be4 Nd5+ 49. Kf3 c3 50. bxc3 Nxc3 51. Bg6 Kd5 52. Bxh5 Kxd4
1/2-1/2

[Event "Tom Weston Open Major"]
[Site "Cardiff"]
[Date "2018.03.31"]
[Round "3.3"]
[White "Di-Vetta, Andrew"]
[Black "Summers, Charles"]
[Result "1-0"]
[WhiteElo "1691"]
[BlackElo "1901"]
[PlyCount "67"]
[EventDate "2018.03.30"]
[EventType "swiss"]
[EventRounds "7"]
[EventCountry "WLS"]
[SourceDate "2018.03.30"]

1. Nf3 c5 2. c4 Nc6 3. Nc3 g6 4. g3 Bg7 5. Bg2 d6 6. O-O e5 7. d3 h6 8. Nd5 Be6
9. Nd2 Qd7 10. Ne4 f5 11. Nec3 Nge7 12. e3 O-O 13. a3 Rac8 14. f4 Kh7 15. h4 h5
16. Rb1 Ng8 17. Qa4 Nh6 18. Bd2 Ng4 19. Rfe1 Rfe8 20. Rbd1 Nf6 21. b4 e4 22.
dxe4 fxe4 23. Nxf6+ Bxf6 24. Nxe4 Be7 25. bxc5 Bg4 26. cxd6 Bxd1 27. Rxd1 Bd8
28. Bc3 Rxe4 29. Bxe4 Qg4 30. Kf2 Bxh4 31. gxh4 Qxh4+ 32. Ke2 Re8 33. c5 Qh2+
34. Kd3 1-0

[Event "Tom Weston Open Major"]
[Site "Cardiff"]
[Date "2018.03.31"]
[Round "3.4"]
[White "McGregor, John"]
[Black "Gibbs, Dominic V"]
[Result "0-1"]
[WhiteElo "1835"]
[BlackElo "1869"]
[PlyCount "118"]
[EventDate "2018.03.30"]
[EventType "swiss"]
[EventRounds "7"]
[EventCountry "WLS"]
[SourceDate "2018.03.30"]

1. e4 g6 2. Nc3 Bg7 3. d4 c6 4. Bc4 d6 5. Nge2 Nd7 6. Bb3 Ngf6 7. O-O O-O 8.
Bg5 b5 9. f3 a5 10. a3 Ba6 11. Qd2 e5 12. d5 c5 13. Nd1 Nb6 14. Nf2 c4 15. Ba2
Na4 16. c3 Qc7 17. Rad1 Ne8 18. f4 f6 19. Bh4 exf4 20. Nxf4 Nc5 21. Ne6 Nxe6
22. dxe6 Bb7 23. Bb1 Qe7 24. Ng4 Qxe6 25. Ne3 Bh6 26. Qd4 f5 27. Nd5 Bg7 28.
Qb6 Bxd5 29. exd5 Qd7 30. Rfe1 Qa7 31. Qxa7 Rxa7 32. Re6 Be5 33. Bg3 f4 34. Bf2
Rd7 35. Bd4 Bxd4+ 36. Rxd4 Nc7 37. Ree4 a4 38. Rxf4 Rxf4 39. Rxf4 Re7 40. Kf2
Kg7 41. Be4 Re5 42. Bf3 Na6 43. Rd4 Nc5 44. Be2 Kf6 45. g3 Re4 46. Rd1 Re7 47.
Bf1 g5 48. h4 g4 49. Be2 h5 50. Bf1 Ne4+ 51. Kg2 Ke5 52. Kh2 Nc5 53. Re1+ Kf6
54. Rd1 Re3 55. Bg2 Re2 56. Rb1 Nd3 57. Kg1 Rxb2 58. Rxb2 Nxb2 59. Be4 Nd1 0-1

[Event "Tom Weston Open Major"]
[Site "Cardiff"]
[Date "2018.03.31"]
[Round "3.5"]
[White "Jukes, Sam"]
[Black "Ray, Hiya"]
[Result "1-0"]
[WhiteElo "1760"]
[BlackElo "1581"]
[PlyCount "99"]
[EventDate "2018.03.30"]
[EventType "swiss"]
[EventRounds "7"]
[EventCountry "WLS"]
[SourceDate "2018.03.30"]

1. e4 c5 2. Nf3 d6 3. d4 cxd4 4. Qxd4 Nc6 5. Bb5 Bd7 6. Bxc6 Bxc6 7. Nc3 Nf6 8.
Bg5 h6 9. Bxf6 gxf6 10. Nh4 e6 11. O-O-O Be7 12. f4 Rg8 13. f5 Rg4 14. g3 Qa5
15. Ng2 d5 16. fxe6 fxe6 17. Rde1 dxe4 18. Nxe4 Bxe4 19. Rxe4 Rd8 20. Qxd8+
Kxd8 21. Rd1+ Kc7 22. Rxg4 Qxa2 23. Rg7 Qa1+ 24. Kd2 Qa5+ 25. Kc1 Qc5 26. Nf4
Kc6 27. Kb1 e5 28. Nd5 Bd8 29. Rg8 Qd6 30. Rxd8 Qxd8 31. Nb4+ Kc7 32. Rxd8 Kxd8
33. Kc1 Kd7 34. Kd2 Kd6 35. Ke3 Kc5 36. Nd3+ Kd5 37. g4 a5 38. Nf2 b5 39. Ne4
Ke6 40. c3 a4 41. Ng3 Kf7 42. Ke4 Kg6 43. h4 Kf7 44. Kf5 Ke7 45. Ne4 Kd7 46.
Kxf6 Kc6 47. Kxe5 b4 48. cxb4 Kb5 49. g5 Kxb4 50. Nd2 1-0

[Event "Tom Weston Open Major"]
[Site "Cardiff"]
[Date "2018.03.31"]
[Round "3.6"]
[White "White, Ernest M"]
[Black "Camp, Syringa Lyn"]
[Result "0-1"]
[WhiteElo "1830"]
[BlackElo "1676"]
[PlyCount "86"]
[EventDate "2018.03.30"]
[EventType "swiss"]
[EventRounds "7"]
[EventCountry "WLS"]
[SourceDate "2018.03.30"]

1. e4 c5 2. Nc3 d6 3. d3 g6 4. Be3 Bg7 5. g3 Nc6 6. Bg2 e6 7. Qd2 Qa5 8. Nge2
Nd4 9. Nc1 Rb8 10. O-O b5 11. f4 Ne7 12. Qf2 b4 13. Nb3 Qa6 14. Nd1 Nxb3 15.
cxb3 Qxd3 16. e5 Nf5 17. Bc6+ Bd7 18. Bxd7+ Kxd7 19. Re1 Nd4 20. Rc1 Rbc8 21.
Rc4 d5 22. Bxd4 dxc4 23. Bxc5 cxb3 24. axb3 Qxb3 25. Bd6 Qa4 26. Ne3 Bf8 27.
Rd1 Bxd6 28. Rxd6+ Ke7 29. Qd2 Rhd8 30. Ng4 Qa5 31. f5 Qc5+ 32. Kg2 Rxd6 33.
exd6+ Qxd6 34. f6+ Kd7 35. Ne5+ Kc7 36. Qe3 Qd5+ 37. Kh3 Kb7 38. Qf4 a5 39.
Nxf7 Qh5+ 40. Qh4 Qxh4+ 41. Kxh4 Rf8 42. Nd6+ Kc6 43. Ne4 Kd5 0-1

[Event "Tom Weston Open Major"]
[Site "Cardiff"]
[Date "2018.03.31"]
[Round "3.7"]
[White "Larg, Richard"]
[Black "Bridges, Paul"]
[Result "1/2-1/2"]
[WhiteElo "1680"]
[BlackElo "1804"]
[PlyCount "45"]
[EventDate "2018.03.30"]
[EventType "swiss"]
[EventRounds "7"]
[EventCountry "WLS"]
[SourceDate "2018.03.30"]

1. d4 d5 2. c4 e6 3. Nc3 f5 4. Nf3 Nf6 5. Bg5 Be7 6. e3 O-O 7. Be2 c6 8. O-O
Nbd7 9. Rc1 Ne4 10. Bxe7 Qxe7 11. cxd5 exd5 12. Nxe4 fxe4 13. Nd2 Rf6 14. Qb3
Rh6 15. f4 Kh8 16. g3 Nf6 17. Rf2 Bh3 18. Qd1 Qd7 19. Nf1 Ng4 20. Bxg4 Bxg4 21.
Qe1 Rf6 22. Rcc2 Raf8 23. a3 1/2-1/2

[Event "Tom Weston Open Major"]
[Site "Cardiff"]
[Date "2018.03.31"]
[Round "3.8"]
[White "Servini, Mike"]
[Black "Harle, Bill"]
[Result "1-0"]
[WhiteElo "1660"]
[BlackElo "1782"]
[PlyCount "23"]
[EventDate "2018.03.30"]
[EventType "swiss"]
[EventRounds "7"]
[EventCountry "WLS"]
[SourceDate "2018.03.30"]

1. d4 d5 2. Nf3 Nf6 3. Bg5 e6 4. e3 Be7 5. Nbd2 Nbd7 6. Bd3 c5 7. c3 b6 8. O-O
O-O 9. Qa4 Bb7 10. Ne5 Nxe5 11. dxe5 Nd7 12. Qh4 1-0

[Event "Tom Weston Open Major"]
[Site "Cardiff"]
[Date "2018.03.31"]
[Round "3.9"]
[White "Buttell, David"]
[Black "Fox, Chris"]
[Result "1-0"]
[WhiteElo "1773"]
[BlackElo "1669"]
[PlyCount "109"]
[EventDate "2018.03.30"]
[EventType "swiss"]
[EventRounds "7"]
[EventCountry "WLS"]
[SourceDate "2018.03.30"]

1. d4 f5 2. g3 Nf6 3. b3 e6 4. Bb2 Be7 5. Bg2 d5 6. Nf3 O-O 7. O-O c6 8. e3 Ne4
9. Nbd2 Nd7 10. c4 Ndf6 11. Ne5 Nxd2 12. Qxd2 Ne4 13. Qc2 Qe8 14. f3 Nf6 15. c5
Nd7 16. Nxd7 Bxd7 17. b4 a6 18. e4 Qg6 19. e5 Be8 20. f4 h5 21. Qd3 h4 22. Kf2
Kf7 23. Rh1 Rh8 24. Bf3 Bd7 25. g4 fxg4 26. Qxg6+ Kxg6 27. Bxg4 Raf8 28. Ke3
Kh6 29. Raf1 g5 30. fxg5+ Bxg5+ 31. Ke2 Rxf1 32. Rxf1 Kg7 33. Bc3 Rf8 34. Rxf8
Kxf8 35. Bd2 Bxd2 36. Kxd2 Kg7 37. Ke3 Kg6 38. Kf4 Kh6 39. a3 Bc8 40. Be2 Bd7
41. Kg4 Be8 42. Kxh4 Bg6 43. a4 Be8 44. Bd3 Bf7 45. b5 axb5 46. axb5 Be8 47. b6
Bd7 48. Kg4 Bc8 49. h4 Bd7 50. Be2 Bc8 51. h5 Bd7 52. Kh4 Bc8 53. Bd3 Bd7 54.
Bg6 Bc8 55. Be8 1-0

[Event "Tom Weston Open Major"]
[Site "Cardiff"]
[Date "2018.03.31"]
[Round "3.10"]
[White "Probert, Malcolm"]
[Black "Stuart, Neil"]
[Result "1/2-1/2"]
[WhiteElo "1620"]
[BlackElo "1737"]
[PlyCount "47"]
[EventDate "2018.03.30"]
[EventType "swiss"]
[EventRounds "7"]
[EventCountry "WLS"]
[SourceDate "2018.03.30"]

1. Nf3 Nf6 2. g3 d5 3. Bg2 c6 4. b3 Bf5 5. d3 e6 6. Bb2 Nbd7 7. O-O Be7 8. c4
O-O 9. Nbd2 h6 10. Qc2 Rc8 11. a3 Re8 12. Bc3 c5 13. cxd5 exd5 14. e4 dxe4 15.
dxe4 Bh7 16. Rfe1 Nd5 17. Rad1 Nxc3 18. Qxc3 Qc7 19. e5 Bf8 20. Rc1 Qb8 21. Bh3
Rcd8 22. e6 fxe6 23. Bxe6+ Rxe6 24. Rxe6 1/2-1/2

[Event "Tom Weston Open Major"]
[Site "Cardiff"]
[Date "2018.03.31"]
[Round "3.12"]
[White "Jansen Van Rensburg, Leon"]
[Black "Thomas, Roy"]
[Result "1-0"]
[WhiteElo "1497"]
[BlackElo "1701"]
[PlyCount "85"]
[EventDate "2018.03.30"]
[EventType "swiss"]
[EventRounds "7"]
[EventCountry "WLS"]
[SourceDate "2018.03.30"]

1. e4 c5 2. Nc3 a6 3. a4 Nc6 4. f4 d6 5. Nf3 g6 6. Bc4 Bg7 7. O-O Nf6 8. h3 O-O
9. d3 e6 10. Ba2 Nb4 11. Bb3 d5 12. e5 Ne8 13. Ne2 Nc7 14. c3 Nc6 15. d4 c4 16.
Bc2 Bd7 17. Qe1 b5 18. a5 Ne8 19. h4 Nxa5 20. Qg3 f5 21. exf6 Nxf6 22. Ne5 Nb3
23. Bxb3 cxb3 24. f5 exf5 25. Bg5 Ne4 26. Qe3 Qe8 27. Bh6 a5 28. Bxg7 Kxg7 29.
Nf4 Be6 30. Rf3 a4 31. Nh3 Qe7 32. Ng5 h6 33. Nxe4 fxe4 34. Rg3 Bf5 35. Rf1 Ra6
36. Rf4 Raf6 37. Qe2 Qe6 38. Qxb5 Qa6 39. Qxd5 Qe2 40. Qb7+ Kh8 41. Rxf5 Rxf5
42. Nxg6+ Kg8 43. Nf4+ 1-0

[Event "Tom Weston Open Major"]
[Site "Cardiff"]
[Date "2018.03.31"]
[Round "3.13"]
[White "Cox, John"]
[Black "Williams, Stephen"]
[Result "0-1"]
[WhiteElo "1443"]
[BlackElo "1683"]
[PlyCount "64"]
[EventDate "2018.03.30"]
[EventType "swiss"]
[EventRounds "7"]
[EventCountry "WLS"]
[SourceDate "2018.03.30"]

1. e4 c6 2. d4 d5 3. Nc3 dxe4 4. Nxe4 Bf5 5. Ng3 Bg6 6. Nf3 Nd7 7. Bd3 e6 8.
O-O Bd6 9. Bg5 Ngf6 10. Re1 Qc7 11. c4 O-O 12. c5 Bxg3 13. hxg3 Nd5 14. a3 a5
15. Qc2 Bxd3 16. Qxd3 f6 17. Bd2 Rfe8 18. Re2 e5 19. Qc4 e4 20. Rae1 f5 21. Bf4
Qd8 22. Ne5 Nf8 23. f3 exf3 24. Nxf3 Rxe2 25. Rxe2 Qd7 26. Ne5 Qe8 27. Nf3 Qf7
28. Ne5 Qh5 29. Kf1 Ne6 30. Nd3 Re8 31. Be5 g5 32. Qb3 Nxd4 0-1

[Event "Tom Weston Open Major"]
[Site "Cardiff"]
[Date "2018.03.31"]
[Round "3.15"]
[White "White, Sam"]
[Black "Christmas, Steve"]
[Result "0-1"]
[WhiteElo "1567"]
[BlackElo "1841"]
[PlyCount "94"]
[EventDate "2018.03.30"]
[EventType "swiss"]
[EventRounds "7"]
[EventCountry "WLS"]
[SourceDate "2018.03.30"]

1. d4 Nf6 2. Nf3 e6 3. Bf4 d5 4. e3 c6 5. c3 Nbd7 6. Nbd2 Be7 7. Bd3 O-O 8. O-O
h6 9. Ne5 Nxe5 10. dxe5 Ne8 11. Qh5 Bg5 12. Bxg5 Qxg5 13. Qxg5 hxg5 14. f4 gxf4
15. Rxf4 f5 16. Nf3 g6 17. Ng5 Kg7 18. Rh4 Rh8 19. Rxh8 Kxh8 20. Rf1 Ng7 21. g4
Bd7 22. h3 c5 23. Kh2 b5 24. Kg3 Kg8 25. Rd1 c4 26. Bc2 Bc6 27. Nf3 a5 28. Nd4
Be8 29. Nxe6 Nxe6 30. Rxd5 Rd8 31. Rxd8 Nxd8 32. gxf5 gxf5 33. Bxf5 b4 34. e6
Kg7 35. Kf4 Kf6 36. h4 Nb7 37. e4 Nc5 38. e5+ Ke7 39. Kg5 b3 40. axb3 cxb3 41.
h5 Bxh5 42. Kxh5 Na4 43. c4 Nxb2 44. c5 Na4 45. c6 Nb6 46. c7 a4 47. Bd3 a3 0-1

[Event "Tom Weston Open Major"]
[Site "Cardiff"]
[Date "2018.03.31"]
[Round "3.16"]
[White "Hurn, Robert AJ"]
[Black "Dixon, Chris"]
[Result "1/2-1/2"]
[WhiteElo "1593"]
[BlackElo "1808"]
[PlyCount "51"]
[EventDate "2018.03.30"]
[EventType "swiss"]
[EventRounds "7"]
[EventCountry "WLS"]
[SourceDate "2018.03.30"]

1. d4 Nf6 2. c4 e6 3. Nc3 d5 4. cxd5 exd5 5. Bg5 Be7 6. e3 O-O 7. Bd3 Nbd7 8.
Nge2 Re8 9. O-O c6 10. Qc2 Nf8 11. f3 Be6 12. Rad1 Rc8 13. Kh1 Nh5 14. Bxe7
Qxe7 15. e4 dxe4 16. fxe4 Bg4 17. Rde1 Qg5 18. e5 Bxe2 19. Nxe2 g6 20. Rf3 Ne6
21. Ref1 Rf8 22. Bc4 Qe7 23. g4 Nhg7 24. Rh3 b5 25. Bb3 Rfd8 26. Qd2 1/2-1/2

[Event "Tom Weston Open Major"]
[Site "Cardiff"]
[Date "2018.03.31"]
[Round "3.17"]
[White "Evans, James"]
[Black "Jones, Jonathan"]
[Result "0-1"]
[WhiteElo "1542"]
[BlackElo "1525"]
[PlyCount "56"]
[EventDate "2018.03.30"]
[EventType "swiss"]
[EventRounds "7"]
[EventCountry "WLS"]
[SourceDate "2018.03.30"]

1. e4 e6 2. d4 d5 3. exd5 exd5 4. Bd3 Nc6 5. c3 Bd6 6. Nf3 Bd7 7. O-O Qf6 8.
Bg5 Bxh2+ 9. Kxh2 Qd6+ 10. Kg1 f6 11. Re1+ Nge7 12. Bh4 Bg4 13. Nbd2 O-O-O 14.
Qc2 g6 15. Bg3 Qd7 16. Re3 h5 17. Rae1 Bf5 18. Nh4 Rdg8 19. Bxf5 Nxf5 20. Nxf5
gxf5 21. Bf4 Rg4 22. Rf3 Qh7 23. Bh2 Ne7 24. Rg3 Rh4 25. Nf3 Re4 26. Rxe4 dxe4
27. Nh4 Qh6 28. Qb3 Qc1+ 0-1